| 000 | 00938pam a2200265 a 4500 | ||
|---|---|---|---|
| 001 | 3998605 | ||
| 003 | OSt | ||
| 005 | 20151014090312.0 | ||
| 008 | 960612s1997 njua b 001 0 eng | ||
| 010 | _a 96027830 | ||
| 020 | _a0132340895 | ||
| 040 |
_aDLC _cDLC _dDLC |
||
| 050 | 0 | 0 |
_aLB1585 _b.C28 1997 |
| 082 | 0 | 0 |
_a372.3/5044 _220 |
| 100 | 1 | _aCarin, Arthur A. | |
| 245 | 1 | 0 |
_aTeaching science through discovery / _cArthur A. Carin. |
| 250 | _a8th ed. | ||
| 260 |
_aUpper Saddle River, N.J. : _bMerrill, _cc1997. |
||
| 300 |
_a1 v. (various pagings) : _bill. ; _c25 cm. |
||
| 504 | _aIncludes bibliographical references and index. | ||
| 650 | 0 |
_aScience _xStudy and teaching (Elementary) |
|
| 906 |
_a7 _bcbc _corignew _d1 _eocip _f19 _gy-gencatlg |
||
| 942 |
_2lcc _cBK |
||
| 999 |
_c250561 _d250561 |
||